AS ROMA 2024/2025 - Statistics

General Stats
  • This quiz has been taken 113 times
  • The average score is 19 of 24
Answer Stats
# position nation Answer % Correct
21 FW argentina paulo dybala
100%
7 MF italy lorenzo pellegrini
93%
11 FW ukraine artem dovbyk
91%
4 MF italy bryan cristante
90%
23 DF italy gianluca mancini
89%
5 DF ivory coast evan ndicka
88%
16 MF argentina leandro paredes
88%
18 FW argentina matias soulé
87%
3 DF spain angelino
86%
59 MF poland nicola zalewski
86%
99 GK belgium mile svilar
85%
6 DF england chris smalling
83%
19 DF turkey zeki celik
83%
14 FW uzbekistan eldor shomurodov
82%
92 FW italy stephan el shaarawy
80%
17 MF france manu koné
78%
61 MF italy nicolò pisilli
74%
12 DF saudi arabia saud abdulhamid
74%
98 GK australia mathew ryan
73%
56 FW belgium alexis saelemaekers
65%
26 DF sweden samuel dahl
64%
35 MF italy tommaso baldanzi
62%
28 MF france enzo le feé
59%
67 FW brazil joao costa
42%
No matching quizzes found
Score Distribution
Percent of People with Each Score
Percentile by Number Answered
Your Score History
You have not taken this quiz